MDQL
is popping MORE tags! Check the
thread
!
Quizzes
Events
Quiz Creation
Community
Videos
Private Events
Remove Ads
Sign In
Join for FREE
Feedback
Dark Mode
Quiz Categories
Sports
Geography
Music
Movies
Television
Just For Fun
Miscellaneous
History
Literature
Language
Science
Gaming
Entertainment
Religion
Holiday
For Kids
Quiz Lab
Recent
Popular Today
Quiz Kudos Today
Editor Picks
Curator Picks
Quizzes by...
Day
Popularity
Type
Ratings
Length
Year
Community
Subscriptions
Recent Discussions
Orange Saloon
Badges
Playlists
Quests
Create
Leaderboards
Showdown
Live 5
Trivia Bingo
Activity
Puzzle Library
Sporcle Events
Private Events
Virtual Trivia
Globe League
Become a Host
Pub Owners
SporcleCon
Opinionation
Our Games
Videos
Blog
Mobile Apps
Partnerships
Remove Ads and Go Orange
Feedback
Entertainment
Celebrity
Famous
Musical
Broadway
Show
Quote
Comic Books
Anime
Superhero
DC Comics
Marvel
Cartoons
Animation
Entertainment
Celebrity
Famous
Musical
Broadway
Show
Quote
Comic Books
Anime
Superhero
DC Comics
Marvel
Cartoons
Animation
Random Quiz
Search Sporcle
×
Quiz Lab
Quiz Lab
Entertainment
WWE
Type in answers that appear in a list
Type in answers that appear in a list
Classic
Best Score? Go Orange.
WWE Alphabet Stats
WWE Terms - A-Z
By
abc456abc123
10m
26 Questions
308 Plays
308 Plays
308 Plays
Comments
Comments
Give Quiz Kudos
Give Quiz Kudos
-
- Ratings
hide this ad
More Info
Replay
Link that replays current quiz
Next Quiz
Link to next quiz in quiz playlist
You Got
0%
They Got
Avg Score
67%
Avg Friend Score
Upgrade to see
Score Distribution
Jump to the score distribution portion of the page
Score
0/26
Timer
10:00
0
Plays Today
Hint
Answer
% Correct
-
Z
100%
-
Y
100%
-
X
100%
-
Q
100%
Signature move that usually leads to pinfall
Finisher
78.2%
The top match, usually at the end of the card
Main Event
77.9%
Squared Circle
Ring
77.3%
Non televised match
Dark Match
75.3%
Match stipulation where immediate ringside area is surrounded by other wrestlers
Lumberjack Match
74.7%
When a championship is not held by any wrestlers
Vacant
74%
Switch from face to heel (or vice versa)
Turn
72.7%
A wrestler who routinely losses in order to put over other wrestlers
Jobber
71.8%
Intentionally bleeding
Blading
69.5%
Hint
Answer
% Correct
Match ending without cheating or outside interference
Clean Finish
68.8%
A wrestlers personality or character
Gimmick
65.9%
View that wrestling is real and/
or legitimate
Kayfabe
61.4%
React to opponent's attacks in a manner that suggests to the audience that the attacks hurt
Sell
60.1%
Negative reaction by live fans
Heat
58.8%
Rising From Mid Card to Main Eventer
Push
58.8%
When a wrestler narrowly escapes a pinfall
Near-fall
56.8%
Anything planned or scripted
Work
49%
Storyline
Angle
48.1%
Positive reaction to gimmick from fans
Over
44.8%
Wrestler who accompanies another to matches and acts as a bodyguard
Enforcer
43.2%
Online Wrestling Fans
Internet Wrestling Community
32.1%
WWE (Insert) Championship
United States
28.6%
Quiz Playlist
Details
Report
Send in Message
Add To Playlist
More Info:
These are not necessarily exclusive to WWE and many could be applicable to pro wrestling in general. Suggestions for missing letters welcome!
Classic:
Type in answers that appear in a list
Last Updated: Aug 16, 2017
Quiz Scoreboard
CHALLENGE
Sign Up to Join the Scoreboard
Show All
Scores
Hide
Comments
May contain spoilers
Recently Published
Image Sorting: Flags VI
by Barbecue
Geography
2m
Find the 'City' Movie
by crazypaving
Movies
60s
Colored Red Africa Blitz
by spor1
Geography
45s
More to Explore
Quiz From the Vault
Featured Blog Post
14 Easter Pick-up Lines to Find Eggs With
hide this ad
You Might Also Like...
Tags
WWE Quiz
Pro Wrestling
Wrestling
Today's Top Quizzes in Entertainment
Browse Entertainment
hide this ad
Today's Top Quizzes in WWE
Browse WWE
Top Contributed Quizzes in Entertainment
1
Marvel Classic Character Map
2
Dragon Ball Z: Goku's Fights in Order
3
Marvel Characters Bunker
4
JoJo's Bizarre Logic Quiz
5
Harry Styles-Are you no.1 fan
6
Sorting Pictures: Villains
7
This is Your Life: Edward Elric
8
Celebrity Spelling Bee
9
This is Your Life: Itachi Uchiha
10
BOYS PLANET Quiz
Explore More
Trending Topics
Kpop
NBA
Anime
Disney
Marvel
Crossword
Harry Potter
The Office
WWE
NFL
Song
Country
Soccer
Pokémon
Puzzle
hide this ad
More By:
abc456abc123
Quiz
Plays
Rating
Category
Featured
Created
Disney Characters Logic Puzzle
9,374
4.12
Movies
Jul 26, 2018
WWE Women Wrestlers - A-Z
2,208
3.40
Entertainment
Aug 10, 2017
WWE Wrestlers - A-Z
719
3.67
Entertainment
Aug 10, 2017
Guess the Disney Movie from a Single Character
703
5.00
Movies
Apr 2, 2017
Mini Disney
459
5.00
Movies
Aug 16, 2017
Go to Creator's Profile
Score Distribution
Quiz Creator Spotlight
abc456abc123
Follow
Send a Message
Quizzes Created
-
Created Quiz Play Count
-
More By This Creator
Popular Quizzes Today
1
Colored Red Africa Blitz
2
Find the US States - No Outlines Minefield
3
Find the 'City' Movie
4
5x2 Blitz: Bands
5
The Countries of the World
6
Find the US States
7
Find the Countries of Europe - No Outlines Minefield
8
US States
More Entertainment Quizzes
Anime by picture (HQ)
Curator's Pick
Trending Quizzes
Colored Red Europe Blitz I
Colored Red Europe Blitz II
Colored Red Africa Blitz II
Colored Red Europe Blitz III
Colored Red Africa Blitz III
Recently Updated
How Do You Spell That?
pecheneg
Godzilla Movies
pecheneg
Grab Bag: 4-10 Letters
pecheneg
2024 March Madness Bracket
pecheneg
Famous TV Couples
Peacemaker
Champions League XIs: Real Madrid
pecheneg
Largest US Cities 1790-2010
pecheneg
Rides in Walt Disney World
pecheneg
Most Oscar Losses (Acting)
pecheneg
Beyoncé Albums
pecheneg
Trending Topics
Marvel
Crossword
Anime
NBA
Harry Potter
Kpop
Disney
WWE
Puzzle
NFL
Pokémon
Song
Country
Soccer
The Office
Your Account Isn't Verified!
In order to create a playlist on Sporcle, you need to verify the email address you used during registration. Go to your
Sporcle Settings
to finish the process.
Report this User
Report this user for behavior that violates our
Community Guidelines
.
Details:
Send Report
Go to the Sporcle.com Mobile Site →
Comments